000 00509nam a2200181Ia 4500
001 31490
003 IN-NITTTR
005 20251114233422.0
008 251113s9999||||xx |||||||||||||| ||eng||
040 _beng
040 _cIN-NITTTR
041 _aeng
082 _a621.3821 C81A
100 _aCordeiro, Carlos de Morais
245 0 _aAd hoc and sensor networks :
_b theory and applications /
_cCordeiro, Carlos de Morais, Agrawal, Dharma Prakash
700 _a Agrawal, Dharma Prakash
942 _2ddc
_cBK
999 _c34120
_d34120